Airlines of the World 2 - Statistics

General Stats
  • This quiz has been taken 1,103 times
    742 since last reset
  • The average score is 17 of 35
Answer Stats
Hint Answer % Correct
Ryanair Ireland
94%
Aeroflot Russia
79%
Iberia Spain
79%
Etihad Airways United Arab Emirates
78%
IndiGo India
77%
LOT Airlines Poland
76%
Aer Lingus Ireland
75%
Aerolíneas Argentina
71%
Royal Air Maroc Morocco
71%
Air Koryo North Korea
62%
Gulf Air Bahrain
60%
Avianca Colombia
60%
Luxair Luxembourg
58%
AirAsia X Malaysia
56%
WOW air Iceland
54%
Jet2 United Kingdom
53%
Vueling Airlines Spain
52%
Pegasus Airlines Turkey
49%
Aero California Mexico
48%
Azul Linhas Aereas Brazil
46%
Copa Airlines Panama
46%
Monarch Airlines United Kingdom
46%
Belavia Belarus
43%
flyNiki Austria
42%
Jetstar Asia Singapore
34%
Afriqiyah Airways Libya
30%
Air Pacific Fiji
19%
Silk Way Airlines Azerbaijan
18%
Jetairfly Belgium
18%
Air Inter France
18%
Nouvelair Tunisia
18%
Saha Air Iran
17%
Safi Airways Afghanistan
15%
GMG Airlines Bangladesh
5%
Air Onix Ukraine
5%
No matching quizzes found
Score Distribution
Percent of People with Each Score
Percentile by Number Answered
Your Score History
You have not taken this quiz since the last reset